[Event "C10"]
[Site "?"]
[Date "2020.08.30"]
[Round "4.7"]
[White "Suska, Szymon"]
[Black "Komendecki, Grzegorz"]
[Result "0-1"]
[BlackElo "1154"]
[WhiteElo "1325"]
[LiveChessVersion "1.4.8"]

1. e4 {[%clk 0:03:02]} c5 {[%clk 0:03:03]} 2. Nf3 {[%clk 0:03:03]} g6
{[%clk 0:03:04]} 3. d4 {[%clk 0:03:03]} cxd4 {[%clk 0:03:05]} 4. Nxd4
{[%clk 0:03:04]} Nf6 {[%clk 0:03:05]} 5. Nc3 {[%clk 0:03:05]} Nc6
{[%clk 0:03:05]} 6. Be3 {[%clk 0:03:04]} Bg7 {[%clk 0:03:06]} 7. f3
{[%clk 0:03:00]} O-O {[%clk 0:03:05]} 8. Qd2 {[%clk 0:03:01]} d5 {[%clk 0:03:03]}
9. Nxc6 {[%clk 0:02:46]} bxc6 {[%clk 0:03:04]} 10. e5 {[%clk 0:02:24]} Nd7
{[%clk 0:02:56]} 11. f4 {[%clk 0:02:25]} f6 {[%clk 0:02:18]} 12. Nxd5
{[%clk 0:02:11]} fxe5 {[%clk 0:01:34]} 13. fxe5 {[%clk 0:02:09]} Nxe5
{[%clk 0:01:28]} 14. Nc3 {[%clk 0:02:02]} Bf5 {[%clk 0:01:12]} 15. O-O-O
{[%clk 0:01:53]} Qxd2+ {[%clk 0:01:00]} 16. Bxd2 {[%clk 0:01:52]} Rad8
{[%clk 0:00:59]} 17. Be2 {[%clk 0:01:49]} Bg4 {[%clk 0:00:55]} 18. Bxg4
{[%clk 0:01:45]} Nxg4 {[%clk 0:00:56]} 19. Rde1 {[%clk 0:01:40]} Rf2
{[%clk 0:00:52]} 20. Be3 {[%clk 0:01:32]} Nxe3 {[%clk 0:00:53]} 21. Rxe3
{[%clk 0:01:31]} Rxg2 {[%clk 0:00:52]} 22. Rxe7 {[%clk 0:01:15]} Rdd2
{[%clk 0:00:49]} 23. Rd1 {[%clk 0:00:48]} Rxc2+ {[%clk 0:00:47]} 24. Kb1
{[%clk 0:00:48]} Rxb2+ {[%clk 0:00:47]} 25. Ka1 {[%clk 0:00:49]} Rxa2+
{[%clk 0:00:40]} 26. Kb1 {[%clk 0:00:50]} Rab2+ {[%clk 0:00:27]} 27. Ka1
{[%clk 0:00:50]} Rb8 {[%clk 0:00:28]} 28. Rd3 {[%clk 0:00:46]} Rg1+
{[%clk 0:00:27]} 29. Ka2 {[%clk 0:00:47]} Rg2+ {[%clk 0:00:26]} 30. Ka1
{[%clk 0:00:45]} Rg1+ {[%clk 0:00:21]} 31. Ka2 {[%clk 0:00:46]} Rg2+
{[%clk 0:00:22]} 32. Ka1 {[%clk 0:00:47]} Rxh2 {[%clk 0:00:22]} 33. Rxa7
{[%clk 0:00:30]} Rf8 {[%clk 0:00:20]} 34. Kb1 {[%clk 0:00:15]} Rf1+
{[%clk 0:00:20]} 35. Nd1 {[%clk 0:00:16]} Rhh1 {[%clk 0:00:16]} 36. Kc2
{[%clk 0:00:16]} Rh2+ {[%clk 0:00:17]} 37. Kb1 {[%clk 0:00:17]} Rf8
{[%clk 0:00:13]} 38. Rdd7 {[%clk 0:00:12]} Rb8+ {[%clk 0:00:14]} 39. Kc1
{[%clk 0:00:13]} Bh6+ {[%clk 0:00:14]} 40. Ne3 {[%clk 0:00:10]} Bxe3+
{[%clk 0:00:15]} 41. Kd1 {[%clk 0:00:11]} Rb1# {[%clk 0:00:16]} 0-1

[Event "C10"]
[Site "?"]
[Date "2020.08.30"]
[Round "4.9"]
[White "Wesolowski, Jeremi"]
[Black "Oglaza, Dawid"]
[Result "1-0"]
[BlackElo "1126"]
[WhiteElo "1364"]
[LiveChessVersion "1.4.8"]

1. e4 {[%clk 0:03:02]} e5 {[%clk 0:03:02]} 2. Nf3 {[%clk 0:03:04]} Nc6
{[%clk 0:03:03]} 3. Bc4 {[%clk 0:03:05]} Bc5 {[%clk 0:03:04]} 4. c3
{[%clk 0:03:06]} Nf6 {[%clk 0:03:04]} 5. d3 {[%clk 0:03:05]} O-O {[%clk 0:03:02]}
6. O-O {[%clk 0:03:05]} d5 {[%clk 0:03:00]} 7. exd5 {[%clk 0:02:53]} Nxd5
{[%clk 0:03:00]} 8. Re1 {[%clk 0:02:49]} Qd6 {[%clk 0:02:42]} 9. b4
{[%clk 0:02:28]} Bb6 {[%clk 0:02:39]} 10. b5 {[%clk 0:02:20]} Na5
{[%clk 0:02:29]} 11. Bxd5 {[%clk 0:02:16]} Qxd5 {[%clk 0:02:28]} 12. Rxe5
{[%clk 0:02:15]} Qd6 {[%clk 0:02:21]} 13. Nbd2 {[%clk 0:01:56]} Bg4
{[%clk 0:02:17]} 14. d4 {[%clk 0:01:42]} Rfe8 {[%clk 0:02:02]} 15. Qe2
{[%clk 0:01:29]} Rxe5 {[%clk 0:01:56]} 16. Qxe5 {[%clk 0:01:29]} Bxf3
{[%clk 0:01:39]} 17. Qxd6 {[%clk 0:01:20]} cxd6 {[%clk 0:01:37]} 18. Nxf3
{[%clk 0:01:20]} Nc4 {[%clk 0:01:37]} 19. Bf4 {[%clk 0:01:09]} d5
{[%clk 0:01:37]} 20. Ne5 {[%clk 0:01:08]} Rc8 {[%clk 0:01:28]} 21. Nxc4
{[%clk 0:00:36]} Rxc4 {[%clk 0:01:28]} 22. Bd2 {[%clk 0:00:36]} Ba5
{[%clk 0:01:25]} 23. Re1 {[%clk 0:00:33]} h6 {[%clk 0:01:25]} 24. Re7
{[%clk 0:00:31]} Bxc3 {[%clk 0:01:17]} 25. Bxc3 {[%clk 0:00:25]} Rxc3
{[%clk 0:01:17]} 26. g3 {[%clk 0:00:26]} Rc4 {[%clk 0:01:08]} 27. Rxb7
{[%clk 0:00:26]} Rxd4 {[%clk 0:01:06]} 28. Rxa7 {[%clk 0:00:27]} Rb4
{[%clk 0:01:04]} 29. Rb7 {[%clk 0:00:28]} Ra4 {[%clk 0:00:59]} 30. Rb8+
{[%clk 0:00:27]} Kh7 {[%clk 0:00:59]} 31. b6 {[%clk 0:00:29]} Rxa2
{[%clk 0:00:50]} 32. b7 {[%clk 0:00:30]} Rb2 {[%clk 0:00:48]} 33. Kg2
{[%clk 0:00:31]} d4 {[%clk 0:00:45]} 34. Kf3 {[%clk 0:00:31]} d3 {[%clk 0:00:46]}
35. Ke3 {[%clk 0:00:29]} d2 {[%clk 0:00:45]} 36. Ke2 {[%clk 0:00:31]} Kg6
{[%clk 0:00:39]} 37. f3 {[%clk 0:00:29]} f6 {[%clk 0:00:33]} 38. f4
{[%clk 0:00:22]} Kf7 {[%clk 0:00:34]} 39. Kd1 {[%clk 0:00:20]} Ke7
{[%clk 0:00:30]} 40. Ke2 {[%clk 0:00:21]} Kd7 {[%clk 0:00:30]} 41. h3
{[%clk 0:00:20]} Kc7 {[%clk 0:00:30]} 42. Rg8 {[%clk 0:00:16]} Kxb7
{[%clk 0:00:27]} 43. Rxg7+ {[%clk 0:00:17]} Kc6 {[%clk 0:00:27]} 44. Rg6
{[%clk 0:00:13]} Kc5 {[%clk 0:00:26]} 45. Rxf6 {[%clk 0:00:14]} Kc4
{[%clk 0:00:25]} 46. Rc6+ {[%clk 0:00:13]} Kd4 {[%clk 0:00:25]} 47. Rd6+
{[%clk 0:00:14]} Kc3 {[%clk 0:00:26]} 48. f5 {[%clk 0:00:12]} Kb3
{[%clk 0:00:25]} 49. Rxd2 {[%clk 0:00:13]} Rb1 {[%clk 0:00:23]} 50. f6 Ra1
{[%clk 0:00:23]} 51. f7 {[%clk 0:00:06]} Ra8 {[%clk 0:00:24]} 52. Rd7
{[%clk 0:00:07]} Rf8 {[%clk 0:00:19]} 53. Ke3 {[%clk 0:00:08]} Kc4
{[%clk 0:00:20]} 54. Ke4 {[%clk 0:00:10]} Kc5 55. Ke5 Kc6 {[%clk 0:00:18]} 56.
Ke6 {[%clk 0:00:13]} h5 {[%clk 0:00:14]} 57. Re7 {[%clk 0:00:14]} Rh8
{[%clk 0:00:10]} 58. Re8 {[%clk 0:00:15]} Rh6+ {[%clk 0:00:11]} 59. Kf5
{[%clk 0:00:15]} Kd7 {[%clk 0:00:07]} 60. f8=Q {[%clk 0:00:14]} Rd6
{[%clk 0:00:05]} 61. Qf7+ {[%clk 0:00:12]} Kc6 {[%clk 0:00:06]} 62. Rc8+
{[%clk 0:00:12]} Kb6 {[%clk 0:00:06]} 63. Qb3+ {[%clk 0:00:12]} Ka7
{[%clk 0:00:05]} 64. Rc7+ {[%clk 0:00:12]} Ka6 {[%clk 0:00:04]} 65. Rb7
{[%clk 0:00:06]} Rd5+ {[%clk 0:00:04]} 66. Qxd5 {[%clk 0:00:05]} h4
{[%clk 0:00:05]} 67. Qb5# {[%clk 0:00:06]} 1-0

[Event "C10"]
[Site "?"]
[Date "2020.08.30"]
[Round "4.10"]
[White "Mioduszewski, Szymon"]
[Black "Myslowski, Tomasz"]
[Result "0-1"]
[BlackElo "1269"]
[WhiteElo "1122"]
[LiveChessVersion "1.4.8"]

1. e4 {[%clk 0:03:03]} e6 {[%clk 0:03:04]} 2. d4 {[%clk 0:03:04]} d5
{[%clk 0:03:05]} 3. e5 {[%clk 0:03:05]} c5 {[%clk 0:03:06]} 4. c3
{[%clk 0:03:05]} Nc6 {[%clk 0:03:07]} 5. Nf3 {[%clk 0:03:06]} Qb6
{[%clk 0:03:08]} 6. a3 {[%clk 0:03:06]} Nge7 {[%clk 0:03:03]} 7. b4 cxd4
{[%clk 0:02:59]} 8. cxd4 {[%clk 0:03:05]} Ng6 {[%clk 0:02:59]} 9. Bb2 Be7
{[%clk 0:02:57]} 10. Be2 {[%clk 0:02:53]} O-O {[%clk 0:02:57]} 11. O-O
{[%clk 0:02:54]} f6 {[%clk 0:02:58]} 12. exf6 {[%clk 0:02:49]} Rxf6
{[%clk 0:02:59]} 13. Re1 {[%clk 0:02:39]} Bd6 {[%clk 0:02:42]} 14. Bf1
{[%clk 0:02:32]} a6 {[%clk 0:02:31]} 15. Ng5 {[%clk 0:01:53]} e5 {[%clk 0:02:24]}
16. dxe5 {[%clk 0:01:49]} Qxf2+ {[%clk 0:02:19]} 17. Kh1 {[%clk 0:01:48]} Bxe5
{[%clk 0:02:13]} 18. Bxe5 {[%clk 0:01:39]} Ncxe5 {[%clk 0:02:14]} 19. Qxd5+
{[%clk 0:01:13]} Nf7 {[%clk 0:01:53]} 20. Nxf7 {[%clk 0:00:37]} Qxf1+
{[%clk 0:01:51]} 21. Rxf1 Rxf1# 0-1

[Event "C10"]
[Site "?"]
[Date "2020.08.30"]
[Round "5.2"]
[White "Wojtacha, Krzysztof"]
[Black "Boryna, Szymon"]
[Result "1-0"]
[BlackElo "1026"]
[WhiteElo "1445"]
[LiveChessVersion "1.4.8"]

1. e4 {[%clk 0:03:03]} e6 {[%clk 0:03:03]} 2. d4 {[%clk 0:03:04]} d5
{[%clk 0:03:04]} 3. Bd3 {[%clk 0:03:04]} dxe4 {[%clk 0:03:01]} 4. Bxe4
{[%clk 0:03:05]} c5 {[%clk 0:03:02]} 5. Ne2 {[%clk 0:03:00]} Nf6 {[%clk 0:03:00]}
6. Bf3 {[%clk 0:03:00]} Be7 {[%clk 0:03:01]} 7. O-O {[%clk 0:02:49]} O-O
{[%clk 0:03:01]} 8. c3 {[%clk 0:02:39]} Bd7 {[%clk 0:02:58]} 9. Bxb7
{[%clk 0:02:35]} Bc6 {[%clk 0:02:58]} 10. Bxa8 {[%clk 0:02:25]} Bxa8
{[%clk 0:02:59]} 11. dxc5 {[%clk 0:02:19]} Bxc5 {[%clk 0:02:57]} 12. Qxd8
{[%clk 0:01:59]} Rxd8 {[%clk 0:02:58]} 13. Be3 {[%clk 0:01:53]} Bxe3
{[%clk 0:02:56]} 14. fxe3 {[%clk 0:01:51]} Ne4 {[%clk 0:02:55]} 15. Na3
{[%clk 0:01:45]} Rd2 {[%clk 0:02:47]} 16. Rad1 {[%clk 0:01:40]} Rxd1
{[%clk 0:02:34]} 17. Rxd1 {[%clk 0:01:41]} h6 {[%clk 0:02:35]} 18. Rd8+
{[%clk 0:01:39]} Kh7 {[%clk 0:02:35]} 19. Rxb8 {[%clk 0:01:38]} Bd5
{[%clk 0:02:36]} 20. c4 {[%clk 0:01:35]} Bc6 {[%clk 0:02:36]} 21. Rc8
{[%clk 0:01:32]} Bb7 {[%clk 0:02:37]} 22. Rc7 {[%clk 0:01:31]} Ba8
{[%clk 0:02:37]} 23. Rxa7 {[%clk 0:01:24]} Bc6 {[%clk 0:02:38]} 24. Rxf7
{[%clk 0:01:20]} Ng5 {[%clk 0:02:34]} 25. Rc7 {[%clk 0:01:20]} Be4
{[%clk 0:02:34]} 26. Nc3 {[%clk 0:01:17]} Bd3 {[%clk 0:02:34]} 27. Rd7
{[%clk 0:01:15]} Bg6 {[%clk 0:02:32]} 28. b4 {[%clk 0:01:12]} Ne4
{[%clk 0:02:30]} 29. Nxe4 {[%clk 0:01:12]} Bxe4 {[%clk 0:02:31]} 30. b5
{[%clk 0:01:12]} Kg6 {[%clk 0:02:31]} 31. b6 {[%clk 0:01:11]} Kf6
{[%clk 0:02:31]} 32. b7 {[%clk 0:01:12]} Bxb7 {[%clk 0:02:33]} 33. Rxb7
{[%clk 0:01:13]} Kf5 34. Rd7 g5 {[%clk 0:02:28]} 35. c5 {[%clk 0:01:11]} e5
{[%clk 0:02:28]} 36. c6 {[%clk 0:01:11]} Ke6 {[%clk 0:02:29]} 37. Rd1
{[%clk 0:01:11]} e4 {[%clk 0:02:29]} 38. c7 {[%clk 0:01:12]} Ke5 {[%clk 0:02:30]}
39. c8=Q {[%clk 0:01:10]} g4 {[%clk 0:02:31]} 40. Qe8+ {[%clk 0:01:07]} Kf5
{[%clk 0:02:31]} 41. Rd5+ {[%clk 0:01:07]} Kf6 {[%clk 0:02:32]} 42. Rd6+
{[%clk 0:01:05]} Kf5 {[%clk 0:02:33]} 43. Qg6+ {[%clk 0:01:04]} Ke5
{[%clk 0:02:29]} 44. Qe6# {[%clk 0:01:02]} 1-0

[Event "C10"]
[Site "?"]
[Date "2020.08.30"]
[Round "5.3"]
[White "Komendecki, Grzegorz"]
[Black "Jasiulewicz, Kamil"]
[Result "0-1"]
[BlackElo "1381"]
[WhiteElo "1154"]
[LiveChessVersion "1.4.8"]

1. e4 {[%clk 0:03:03]} e5 {[%clk 0:03:03]} 2. Nf3 {[%clk 0:03:03]} Nf6
{[%clk 0:03:05]} 3. Nxe5 {[%clk 0:03:02]} d6 {[%clk 0:03:06]} 4. Nf3
{[%clk 0:02:58]} Nxe4 {[%clk 0:03:07]} 5. Qe2 {[%clk 0:02:34]} Qe7
{[%clk 0:03:06]} 6. d3 {[%clk 0:02:18]} Nf6 {[%clk 0:03:06]} 7. Nc3
{[%clk 0:02:17]} Bg4 {[%clk 0:03:03]} 8. Qxe7+ {[%clk 0:02:10]} Bxe7
{[%clk 0:03:03]} 9. Be2 {[%clk 0:02:11]} O-O {[%clk 0:03:01]} 10. O-O
{[%clk 0:02:10]} Nc6 {[%clk 0:03:01]} 11. h3 {[%clk 0:02:07]} Bh5
{[%clk 0:03:02]} 12. Be3 {[%clk 0:01:52]} Rad8 {[%clk 0:02:48]} 13. a3
{[%clk 0:01:33]} a6 {[%clk 0:02:47]} 14. g4 {[%clk 0:01:15]} Bg6 {[%clk 0:02:45]}
15. Nh4 {[%clk 0:01:13]} d5 {[%clk 0:02:38]} 16. Nxg6 fxg6 {[%clk 0:02:37]} 17.
Bg5 {[%clk 0:00:58]} h6 {[%clk 0:02:28]} 18. Bh4 {[%clk 0:00:58]} d4
{[%clk 0:02:07]} 19. Bxf6 {[%clk 0:00:52]} Bxf6 {[%clk 0:02:02]} 20. Ne4
{[%clk 0:00:53]} g5 {[%clk 0:01:41]} 21. Nc5 {[%clk 0:00:51]} Rd5
{[%clk 0:01:17]} 22. Nb3 {[%clk 0:00:41]} Be5 {[%clk 0:01:13]} 23. Rae1
{[%clk 0:00:34]} b6 {[%clk 0:01:05]} 24. Nd2 {[%clk 0:00:33]} Bf4
{[%clk 0:01:03]} 25. Ne4 {[%clk 0:00:31]} Re5 {[%clk 0:01:02]} 26. Bd1
{[%clk 0:00:22]} Rfe8 {[%clk 0:00:58]} 27. f3 {[%clk 0:00:22]} Bd2
{[%clk 0:00:56]} 28. Re2 {[%clk 0:00:20]} Be3+ {[%clk 0:00:56]} 29. Kg2
{[%clk 0:00:20]} Ne7 {[%clk 0:00:52]} 30. c3 {[%clk 0:00:11]} Ng6
{[%clk 0:00:48]} 31. cxd4 {[%clk 0:00:10]} Bxd4 {[%clk 0:00:45]} 32. Kh1
{[%clk 0:00:10]} Nf4 {[%clk 0:00:45]} 33. Rc2 {[%clk 0:00:11]} c5
{[%clk 0:00:43]} 34. Nd6 {[%clk 0:00:12]} R8e6 {[%clk 0:00:40]} 35. Ne4
{[%clk 0:00:13]} Nxh3 {[%clk 0:00:39]} 36. Kg2 {[%clk 0:00:13]} Nf4+
{[%clk 0:00:39]} 37. Kh1 {[%clk 0:00:14]} Nxd3 {[%clk 0:00:39]} 38. Be2
{[%clk 0:00:13]} Nf4 39. Bxa6 {[%clk 0:00:13]} h5 {[%clk 0:00:36]} 40. Bc4
{[%clk 0:00:14]} Nd5 {[%clk 0:00:29]} 41. Re1 {[%clk 0:00:06]} Kh8
{[%clk 0:00:24]} 42. gxh5 {[%clk 0:00:06]} Re7 {[%clk 0:00:21]} 43. Rf1
{[%clk 0:00:06]} Ne3 {[%clk 0:00:22]} 0-1

[Event "C10"]
[Site "?"]
[Date "2020.08.30"]
[Round "5.4"]
[White "Chomicki, Kornel"]
[Black "Rozanski, Mateusz"]
[Result "1-0"]
[BlackElo "1343"]
[WhiteElo "1164"]
[LiveChessVersion "1.4.8"]

1. e4 e5 2. Nf3 Nc6 3. Bc4 d6 4. d3 Bg4 5. h3 Bh5 6. g4 Bg6 7. c3 h6 8. Nbd2 Nf6
9. Nf1 d5 10. exd5 Nxd5 11. Ng3 Nb6 12. Bb5 e4 13. Bxc6+ bxc6 14. dxe4 Qxd1+ 15.
Kxd1 O-O-O+ 16. Ke2 Bd6 17. e5 Rhe8 18. Be3 Bxe5 19. Nxe5 Rxe5 20. Kf3 Nc4 21.
Bd4 Re6 22. b3 Nd6 23. Rhe1 Be4+ 24. Nxe4 Nxe4 25. Rxe4 Rg6 26. Rae1 Kb7 27. Re8
Rd5 28. R8e5 Rd8 29. Kg3 f6 30. Ra5 a6 31. Re7 h5 32. Rxh5 f5 33. Rxf5 Rgd6 34.
Rfe5 Rd5 35. Rxd5 Rxd5 36. Re5 Rd7 37. Rc5 g6 38. Rg5 Rd6 39. Kf3 Re6 40. Re5
Rf6+ 41. Kg3 Rd6 42. f4 Rd7 43. Re6 c5 44. Bxc5 Rd3+ 45. Kh4 Rxc3 46. Be7 Rc2 47.
a3 Rf2 48. Re4 Rf3 49. Rb4+ Kc6 50. Rc4+ Kb7 51. Kg5 Rxh3 52. Kxg6 a5 53. f5 Rxb3
54. g5 Kb6 55. f6 Rf3 56. f7 1-0

[Event "C10"]
[Site "?"]
[Date "2020.08.30"]
[Round "5.5"]
[White "Majcher, Igor"]
[Black "Kaszuba, Michal"]
[Result "1/2-1/2"]
[BlackElo "1167"]
[WhiteElo "1365"]
[LiveChessVersion "1.4.8"]

1. e4 {[%clk 0:03:03]} Nf6 {[%clk 0:03:02]} 2. Nc3 {[%clk 0:03:04]} Nc6
{[%clk 0:03:03]} 3. Nf3 {[%clk 0:03:05]} d5 {[%clk 0:02:58]} 4. exd5
{[%clk 0:03:05]} Nxd5 {[%clk 0:02:57]} 5. Nxd5 {[%clk 0:03:06]} Qxd5
{[%clk 0:02:58]} 6. d4 Bg4 {[%clk 0:02:49]} 7. Be3 {[%clk 0:03:07]} e6
{[%clk 0:02:45]} 8. Be2 {[%clk 0:03:06]} Be7 {[%clk 0:02:27]} 9. O-O
{[%clk 0:03:05]} Qd7 {[%clk 0:01:33]} 10. c3 {[%clk 0:03:01]} O-O
{[%clk 0:00:41]} 11. h3 {[%clk 0:03:02]} Bh5 {[%clk 0:00:30]} 12. Nd2
{[%clk 0:03:02]} Bxe2 {[%clk 0:00:29]} 13. Qxe2 {[%clk 0:02:58]} Bd6
{[%clk 0:00:26]} 14. Nc4 Ne7 {[%clk 0:00:16]} 15. Nxd6 {[%clk 0:02:57]} Qxd6
{[%clk 0:00:17]} 16. Qf3 {[%clk 0:02:56]} b6 {[%clk 0:00:17]} 17. Bf4
{[%clk 0:02:56]} Qd7 {[%clk 0:00:16]} 18. Be5 {[%clk 0:02:53]} Ng6
{[%clk 0:00:15]} 19. Rad1 {[%clk 0:02:50]} Nxe5 {[%clk 0:00:10]} 20. dxe5
{[%clk 0:02:50]} Qe7 {[%clk 0:00:11]} 21. Rd3 {[%clk 0:02:47]} Rad8
{[%clk 0:00:13]} 22. Rfd1 {[%clk 0:02:47]} Rxd3 {[%clk 0:00:13]} 23. Qxd3
{[%clk 0:02:47]} g6 {[%clk 0:00:12]} 24. Kf1 {[%clk 0:02:46]} Qc5
{[%clk 0:00:11]} 25. Qd4 {[%clk 0:02:42]} Qc6 {[%clk 0:00:10]} 26. Qd7
{[%clk 0:02:36]} Qxd7 {[%clk 0:00:09]} 27. Rxd7 {[%clk 0:02:36]} Rc8
{[%clk 0:00:11]} 28. Ke2 {[%clk 0:02:36]} Kf8 {[%clk 0:00:12]} 29. Ke3
{[%clk 0:02:30]} Ke8 {[%clk 0:00:13]} 30. Rd1 {[%clk 0:02:29]} Ke7
{[%clk 0:00:12]} 31. Kf4 {[%clk 0:02:26]} f5 {[%clk 0:00:08]} 32. exf6+
{[%clk 0:02:26]} Kxf6 {[%clk 0:00:09]} 33. Rd7 {[%clk 0:02:25]} h6
{[%clk 0:00:09]} 34. g4 {[%clk 0:02:23]} g5+ {[%clk 0:00:08]} 35. Ke4
{[%clk 0:02:21]} Kg6 {[%clk 0:00:05]} 36. Ke5 {[%clk 0:02:20]} a5
{[%clk 0:00:05]} 37. Kxe6 c5 {[%clk 0:00:04]} 38. Kd6 {[%clk 0:02:17]} Rf8
{[%clk 0:00:05]} 39. Kc7 {[%clk 0:02:12]} Rxf2 {[%clk 0:00:05]} 40. Rd6+
{[%clk 0:02:13]} Kg7 {[%clk 0:00:06]} 41. Rxb6 {[%clk 0:02:14]} Rf3
{[%clk 0:00:07]} 42. Kc6 {[%clk 0:02:12]} Rxh3 {[%clk 0:00:06]} 43. Kxc5
{[%clk 0:02:12]} Rg3 {[%clk 0:00:07]} 44. Kb5 {[%clk 0:02:13]} Rxg4
{[%clk 0:00:07]} 45. c4 {[%clk 0:02:14]} Rd4 {[%clk 0:00:07]} 46. c5
{[%clk 0:02:13]} g4 {[%clk 0:00:07]} 47. Re6 {[%clk 0:02:10]} h5 {[%clk 0:00:08]}
48. a3 {[%clk 0:02:08]} h4 {[%clk 0:00:08]} 49. c6 {[%clk 0:02:04]} Rd8
{[%clk 0:00:07]} 50. Re4 {[%clk 0:02:04]} g3 {[%clk 0:00:05]} 51. Rxh4
{[%clk 0:02:05]} Kf6 {[%clk 0:00:04]} 52. Rg4 {[%clk 0:02:06]} Rd5+
{[%clk 0:00:05]} 53. Kb6 {[%clk 0:02:06]} Rg5 {[%clk 0:00:06]} 54. Rxg5
{[%clk 0:02:04]} Kxg5 {[%clk 0:00:07]} 55. c7 {[%clk 0:02:05]} g2
{[%clk 0:00:08]} 56. c8=Q {[%clk 0:02:04]} g1=Q+ {[%clk 0:00:09]} 57. Qc5+
{[%clk 0:02:03]} Qxc5+ {[%clk 0:00:08]} 1/2-1/2

[Event "C10"]
[Site "?"]
[Date "2020.08.30"]
[Round "5.7"]
[White "Butkiewicz, Jan"]
[Black "Grobelny, Mikolaj"]
[Result "1-0"]
[BlackElo "1134"]
[WhiteElo "1300"]
[LiveChessVersion "1.4.8"]

1. d4 {[%clk 0:03:03]} d5 {[%clk 0:03:01]} 2. c4 {[%clk 0:03:04]} e6
{[%clk 0:03:01]} 3. Nf3 {[%clk 0:03:03]} Nf6 {[%clk 0:02:59]} 4. Nc3
{[%clk 0:03:04]} Bb4 {[%clk 0:02:52]} 5. Bg5 {[%clk 0:03:04]} c6 {[%clk 0:02:49]}
6. a3 {[%clk 0:03:01]} Bd6 {[%clk 0:02:48]} 7. e3 {[%clk 0:02:59]} h6
{[%clk 0:02:46]} 8. Bh4 {[%clk 0:02:59]} Nbd7 {[%clk 0:02:34]} 9. Be2
{[%clk 0:02:43]} Qe7 {[%clk 0:02:26]} 10. Qd2 {[%clk 0:02:17]} O-O
{[%clk 0:02:21]} 11. O-O {[%clk 0:02:10]} Re8 {[%clk 0:02:15]} 12. Qc2
{[%clk 0:01:56]} b6 {[%clk 0:01:55]} 13. e4 {[%clk 0:01:43]} dxe4
{[%clk 0:01:34]} 14. Nxe4 {[%clk 0:01:43]} Bc7 {[%clk 0:01:35]} 15. Ne5
{[%clk 0:01:13]} Nxe5 {[%clk 0:01:25]} 16. Nxf6+ {[%clk 0:00:42]} gxf6
{[%clk 0:01:22]} 17. dxe5 {[%clk 0:00:41]} Bxe5 {[%clk 0:01:20]} 18. Qe4
{[%clk 0:00:30]} Qc7 {[%clk 0:00:45]} 19. f4 {[%clk 0:00:17]} Bxb2
{[%clk 0:00:41]} 20. Rab1 {[%clk 0:00:14]} Bc3 {[%clk 0:00:42]} 21. Rf3
{[%clk 0:00:10]} Ba5 {[%clk 0:00:40]} 22. Rg3+ {[%clk 0:00:11]} Kf8
{[%clk 0:00:37]} 23. Bxf6 {[%clk 0:00:10]} Bb7 {[%clk 0:00:28]} 24. Qh7
{[%clk 0:00:10]} Re7 {[%clk 0:00:07]} 25. Qg8# 1-0

[Event "C10"]
[Site "?"]
[Date "2020.08.30"]
[Round "5.8"]
[White "Witczak, Borys"]
[Black "Krogulski, Maksymilian"]
[Result "1-0"]
[BlackElo "1289"]
[WhiteElo "1053"]
[LiveChessVersion "1.4.8"]

1. e4 {[%clk 0:03:03]} c5 {[%clk 0:03:04]} 2. Nf3 e6 3. d4 {[%clk 0:03:05]} cxd4
{[%clk 0:03:07]} 4. Nxd4 {[%clk 0:03:06]} Nf6 {[%clk 0:03:08]} 5. Nc3 Nc6 6. Be3
{[%clk 0:03:06]} Be7 {[%clk 0:03:11]} 7. f3 {[%clk 0:03:04]} O-O {[%clk 0:03:12]}
8. Qd2 {[%clk 0:03:05]} a6 {[%clk 0:03:12]} 9. O-O-O {[%clk 0:03:05]} Bb4
{[%clk 0:03:03]} 10. g4 {[%clk 0:03:02]} d5 {[%clk 0:02:59]} 11. g5
{[%clk 0:02:32]} Nd7 {[%clk 0:02:52]} 12. h4 {[%clk 0:02:18]} Nde5
{[%clk 0:02:18]} 13. Be2 {[%clk 0:01:52]} dxe4 {[%clk 0:01:59]} 14. fxe4
{[%clk 0:01:52]} f5 {[%clk 0:01:49]} 15. Nxc6 {[%clk 0:01:30]} Nxc6
{[%clk 0:01:49]} 16. Qxd8 {[%clk 0:01:24]} Rxd8 {[%clk 0:01:49]} 17. Rxd8+
{[%clk 0:01:24]} Nxd8 {[%clk 0:01:50]} 18. exf5 {[%clk 0:01:16]} exf5
{[%clk 0:01:43]} 19. Rd1 {[%clk 0:01:11]} Be6 {[%clk 0:01:34]} 20. Nd5
{[%clk 0:01:05]} Bxd5 {[%clk 0:01:05]} 21. Rxd5 {[%clk 0:01:06]} g6
{[%clk 0:01:04]} 22. Bc4 {[%clk 0:01:03]} Nf7 {[%clk 0:00:46]} 23. Rd7
{[%clk 0:00:55]} Rf8 {[%clk 0:00:47]} 24. Rxb7 {[%clk 0:00:53]} Bd6
{[%clk 0:00:43]} 25. Bd4 {[%clk 0:00:49]} Bf4+ {[%clk 0:00:34]} 26. Kb1
{[%clk 0:00:44]} Bd6 {[%clk 0:00:27]} 27. a3 {[%clk 0:00:39]} a5 {[%clk 0:00:28]}
28. Bf6 {[%clk 0:00:40]} Bc5 {[%clk 0:00:26]} 29. c3 {[%clk 0:00:28]} f4
{[%clk 0:00:24]} 30. b4 {[%clk 0:00:17]} axb4 {[%clk 0:00:23]} 31. axb4
{[%clk 0:00:19]} Bd6 {[%clk 0:00:24]} 32. Bd4 {[%clk 0:00:18]} f3
{[%clk 0:00:22]} 33. Rd7 {[%clk 0:00:16]} Bg3 {[%clk 0:00:11]} 34. Bc5
{[%clk 0:00:18]} Bxh4 {[%clk 0:00:11]} 35. Bxf8 {[%clk 0:00:18]} Kxf8
{[%clk 0:00:12]} 36. Rxf7+ {[%clk 0:00:18]} Ke8 {[%clk 0:00:14]} 37. Rxf3
{[%clk 0:00:18]} Bxg5 {[%clk 0:00:14]} 38. Rh3 {[%clk 0:00:15]} h5
{[%clk 0:00:14]} 39. Rf3 {[%clk 0:00:14]} Bd2 {[%clk 0:00:11]} 40. Bf7+
{[%clk 0:00:13]} Ke7 {[%clk 0:00:12]} 41. Bxg6 {[%clk 0:00:13]} h4
{[%clk 0:00:11]} 42. Kc2 {[%clk 0:00:14]} Bg5 {[%clk 0:00:10]} 43. Kb3
{[%clk 0:00:13]} Kd7 {[%clk 0:00:12]} 44. c4 {[%clk 0:00:13]} Kc7
{[%clk 0:00:13]} 45. b5 {[%clk 0:00:14]} Kb6 {[%clk 0:00:14]} 46. Kb4
{[%clk 0:00:15]} Be7+ {[%clk 0:00:15]} 47. Kb3 {[%clk 0:00:16]} Kc5
{[%clk 0:00:16]} 48. Rf5+ Kb6 49. Rh5 {[%clk 0:00:17]} Kb7 {[%clk 0:00:15]} 50.
Be4+ {[%clk 0:00:15]} Kc7 {[%clk 0:00:16]} 51. Rh7 {[%clk 0:00:16]} Kd6
{[%clk 0:00:17]} 52. Rxe7 {[%clk 0:00:16]} Kxe7 {[%clk 0:00:18]} 53. c5
{[%clk 0:00:18]} Kd8 {[%clk 0:00:20]} 54. Kb4 {[%clk 0:00:19]} Kc7
{[%clk 0:00:21]} 55. Ka5 {[%clk 0:00:20]} h3 {[%clk 0:00:21]} 56. b6+
{[%clk 0:00:20]} Kb8 {[%clk 0:00:23]} 57. c6 {[%clk 0:00:20]} Kc8
{[%clk 0:00:21]} 58. c7 {[%clk 0:00:20]} h2 {[%clk 0:00:21]} 59. Bh1
{[%clk 0:00:20]} Kd7 {[%clk 0:00:21]} 60. Ka6 {[%clk 0:00:21]} Kc8
{[%clk 0:00:22]} 61. Bb7+ {[%clk 0:00:21]} Kd7 {[%clk 0:00:23]} 62. c8=Q+
{[%clk 0:00:21]} Kd6 {[%clk 0:00:24]} 63. Qc6+ {[%clk 0:00:22]} Ke7
{[%clk 0:00:25]} 64. Qd5 {[%clk 0:00:21]} Kf6 {[%clk 0:00:25]} 65. Qe4
{[%clk 0:00:22]} Kf7 {[%clk 0:00:23]} 66. Qe5 {[%clk 0:00:22]} Kf8
{[%clk 0:00:25]} 67. Qc7 {[%clk 0:00:22]} Ke8 {[%clk 0:00:25]} 68. Bc6+
{[%clk 0:00:23]} Kf8 {[%clk 0:00:27]} 69. Bd5 {[%clk 0:00:19]} Ke8
{[%clk 0:00:26]} 70. Qf7+ {[%clk 0:00:19]} Kd8 {[%clk 0:00:26]} 71. Kb5
{[%clk 0:00:16]} Kc8 {[%clk 0:00:25]} 72. Kc6 {[%clk 0:00:17]} h1=Q
{[%clk 0:00:19]} 73. Qc7# {[%clk 0:00:17]} 1-0